Normal view
MARC view
Entry Topical Term
001 - CONTROL NUMBER
- control field: 9357
003 - CONTROL NUMBER IDENTIFIER
- control field: BD-RjUL
005 - DATE AND TIME OF LATEST TRANSACTION
- control field: 20231004104157.0
008 - FIXED-LENGTH DATA ELEMENTS
- fixed length control field: 231004|| aca||aabn | a|a d
040 ## - CATALOGING SOURCE
- Original cataloging agency: BD-RjUL
- Transcribing agency: BD-RjUL
150 ## - HEADING--TOPICAL TERM
- Topical term or geographic name entry element: Agricultural
- Form subdivision: Prospects
670 ## - SOURCE DATA FOUND
- Source citation: Work cat.: (BD-RjUL)82043: Repon, Abu Russel Md. 9356, Problems and Prospects of Agricultural Change on Efforts to Development in Rural Areas of Bangladesh /, 2014